000 00370nam a2200145Ia 4500
008 150201s2010 xx 000 0 und d
082 _a615.8
_bP10S
100 _aSINHA, AKHOURY, GOURANG
245 _aPRINCIPLES & PRACTICE OF THERAPEUTIC MASSAGE
250 _a2ND
260 _bJAYPEE
_aDELHI
_c2010
300 _a1-189
650 _aPHYSIOTHERAPY
942 _2ddc
_cBK
_01
999 _c1401
_d1401